[Event "Seefeld op 08th"]
[Site "Seefeld"]
[Date "1997.??.??"]
[Round "7"]
[White "Dautov, Rustem"]
[Black "Milov, Leonid"]
[Result "1-0"]
[WhiteElo "2590"]
[BlackElo "2480"]
[Annotator "Dautov,R"]
[PlyCount "103"]
[EventDate "1997.09.??"]
[EventType "swiss"]
[EventRounds "9"]
[EventCountry "AUT"]
[SourceTitle "CBM 061"]
[Source "ChessBase"]
[SourceDate "1997.11.23"]
[SourceVersion "1"]
[SourceVersionDate "1997.11.23"]
[SourceQuality "1"]

1. d4 d5 2. c4 c6 3. e3 Bf5 4. cxd5 cxd5 5. Qb3 Qc7 6. Bb5+ Nd7 (6... Bd7 7.
Nc3 e6 8. Bd2 a6 9. Bd3 Bc6 (9... Nc6 10. Rc1 Nf6 (10... Na5 $6 11. Qc2 Nc4 12.
e4 $36) 11. Nf3 Be7 (11... Bd6 12. O-O O-O 13. e4 $14) 12. O-O O-O 13. Ne5 Bd6
14. f4 $14) 10. Nf3 Bd6 11. O-O Nf6 12. Rfc1 O-O 13. Na4 Bxa4 14. Qxa4 Nc6 15.
h3 Qe7 16. Bc3 Rfc8 17. Ne5 $14 {Salov-Beliavsky/Belgrad 1987}) 7. Nc3 (7. Bd2
e6 8. Nf3 Ne7 $1 9. O-O Nc6 10. Rc1 Rc8 11. Nc3 Be7 12. Na4 O-O 13. a3 Qb8 14.
Bxc6 Rxc6 15. Bb4 Rxc1+ 16. Rxc1 Rc8 $11 {Yusupov-Ivanchuk/Dortmund 1997}) 7...
e6 8. Nf3 $5 $146 (8. Bd2 Ne7 9. Rc1 Nc6 10. Na4 (10. Nf3 Be7 11. O-O O-O 12.
Ne2 Rfc8 $2 (12... Qb6 $11) 13. Bb4 $1 Bxb4 14. Bxc6 bxc6 15. Qxb4 Rab8 16. Qa3
Qb6 17. b3 c5 18. dxc5 Nxc5 19. Ned4 Bg6 20. Ne5 $16 {Stangl,M-Gretarsson,H/
EUCup Eupen 1994}) 10... Rc8 11. Ne2 Be7 12. O-O O-O 13. Nf4 (13. Bb4 $5) 13...
Ndb8 $11 {Nogueiras,J-Sokolov,I/Olympiad Yerevan 1996}) 8... Bd6 $1 (8... Ngf6
9. Bd2 a6 10. Rc1 $1 axb5 (10... Qb6 11. Qa4 Rd8 12. Bxd7+ Nxd7 13. Nd1 $1 $14)
11. Nxb5 Qb8 12. Nc7+ Kd8 13. Ne5 $1 Nxe5 14. dxe5 Nd7 15. Nxa8 Qxa8 16. O-O
$40) (8... Ne7 9. Bxd7+ $1 Qxd7 10. Ne5 Qc7 (10... Qc8 $5) 11. e4 $1 Bxe4 12.
Bf4 $36) 9. Bd2 Ne7 $2 (9... a6 $1 10. Bxd7+ (10. Qa4 Rd8 11. Bxd7+ Qxd7 $11)
10... Qxd7 11. O-O (11. Ne5 Bxe5 12. dxe5 Ne7 13. Na4 Qb5 $1 14. Nb6 (14. Qxb5+
axb5 15. Nc5 Ra7 $11) 14... Qxb3 15. axb3 Rd8 16. Bb4 Nc8 $1 $11) (11. Na4 Qb5
12. Nb6 (12. Qxb5+ axb5 13. Nc3 Bd3 $11) 12... Qxb3 13. axb3 Rd8 $11) 11... Ne7
12. Rfc1 Nc6 (12... O-O 13. Na4 Rac8 (13... Qb5 14. Qxb5 axb5 15. Nc3 Bd3 16.
Ne1 Bc4 17. b3 b4 18. Ne4 dxe4 19. bxc4 $14) 14. Bb4 Rxc1+ 15. Rxc1 Rc8 16.
Rxc8+ Qxc8 $11) 13. Na4 Rb8 14. Nc5 Bxc5 15. Rxc5 O-O 16. Rac1 Rfc8 $11) 10.
Rc1 Rc8 $2 (10... Qd8 11. Bxd7+ (11. Ba4 O-O 12. Qxb7 Nb6 13. Bb3 a5 (13... e5
14. Qa6 e4 15. Ng1 $16) 14. Nb5 Rb8 15. Nxd6 Rxb7 16. Nxb7 Qd7 17. Nxa5 Qb5 18.
Rc5 Qa6 $14) (11. Be2 Nb6 12. Nb5 Bb8 13. Bb4 $14) 11... Qxd7 12. Nb5 O-O 13.
Nxd6 Qxd6 14. Bb4 Qd8 15. O-O Re8 16. Bxe7 Rxe7 17. Rc3 Rc7 18. Rfc1 Rxc3 (
18... Rac8 $2 19. Qxb7 $3 $16) 19. Qxc3 $14) 11. O-O $16 (11. Nxd5 $1 Qxc1+ 12.
Bxc1 Rxc1+ 13. Kd2 Rxh1 (13... Rc2+ 14. Qxc2 Bxc2 15. Nxe7 Be4 16. Nc8 $16) 14.
Bxd7+ Kf8 (14... Kxd7 $2 15. Qxb7+ Kd8 16. Nxe7 Bxe7 17. Qb8+ Kd7 18. Ne5#) 15.
Nc3 $1 $16 (15. Nxe7 $2 Kxe7)) 11... Nc6 (11... Qd8 12. Bxd7+ Qxd7 13. Nb5 Bb8
(13... Nc6 14. Nxd6+ Qxd6 15. Qxb7 $18) 14. Nxa7 $1 Rxc1 15. Rxc1 Bxa7 16. Ne5
$18) 12. Bxc6 bxc6 13. Nb5 Qb8 14. Nxd6+ Qxd6 15. Bb4 Qb8 16. Rc3 f6 (16... Bg4
17. Rfc1 Bxf3 18. gxf3 Qb7 19. Ba3 Qxb3 20. Rxb3 Nb6 21. Bc5 $16) 17. Rfc1 Kf7
(17... Qb7 18. Ba3 Nb6 (18... Qxb3 19. Rxb3 Nb6 20. Bc5 $16) 19. Nh4 $1 Bg4 (
19... Kf7 20. Nxf5 exf5 21. Qc2 $18) 20. Qb4 g5 21. Rxc6 $1 Rxc6 22. Rxc6 Kf7 (
22... gxh4 $2 23. Rc8+ $1 Qxc8 24. Qe7#) 23. Qd6 Rc8 24. Rxc8 Qxc8 25. Qe7+ Kg8
26. h3 $18) 18. Rxc6 Rxc6 19. Rxc6 Rc8 20. Qc3 Nb6 $6 (20... Rxc6 21. Qxc6 Qxb4
22. Qxd7+ Kf8 23. Qc8+ Kf7 24. Qc1 a5 $16) 21. Rc5 $1 Nc4 22. b3 Nd6 23. Ba3 $5
(23. Rxc8 Qxc8 24. Qc5 Qxc5 25. Bxc5 Nc8 26. Kf1 $18) 23... Qb7 24. Qa5 Bb1 (
24... Bd3 $142) 25. Nd2 Bd3 $2 (25... Bxa2 $2 26. Rxc8 Nxc8 27. Qc3 $18 {/\Qb2}
) 26. Rc3 $1 Rxc3 (26... Qb5 $2 27. Rc7+ Kg6 28. Qxb5 Bxb5 29. Bxd6 $18) 27.
Qxc3 Nb5 28. Qxd3 Nxa3 29. Qxh7 Qb5 (29... Qc7 30. Qh5+ Kf8 31. Qh8+ Kf7 32.
Nf1 Qc2 33. Qb8 $18) 30. Qh5+ Ke7 31. Qh8 Kf7 32. Qa8 a6 33. Qa7+ Kg6 34. Qc5
$2 (34. Qe7 $1 Qe2 35. Qxa3 Qxd2 36. Qxa6 $18) 34... Qxc5 35. dxc5 Kf7 36. Kf1
(36. h4 $1 Ke7 37. g4 Kd7 38. h5 Kc6 39. f4 $18 Kxc5 40. g5 $18) 36... Ke7 37.
Ke2 $2 $138 (37. e4 $1 $18) 37... Kd7 38. Kd3 Kc6 39. b4 Kb5 40. Kc3 Ka4 $1 41.
e4 $1 Nb5+ 42. Kd3 dxe4+ (42... Kxb4 43. exd5 exd5 44. Nb3 $18) 43. Nxe4 Kxb4
44. h4 Nc7 45. g4 Kb5 (45... f5 46. gxf5 exf5 47. Nd6 g6 48. Kd4 Ne6+ 49. Ke5
Nxc5 50. Kf6 Nd3 51. Kxg6 Nxf2 52. Kxf5 $18) 46. h5 Nd5 (46... a5 47. a4+ $1
Kxa4 (47... Kc6 48. Kc4 $18) 48. Nxf6 gxf6 49. h6 Nd5 50. h7 Nf4+ 51. Ke3 Ng6
52. c6 $18) 47. Nd6+ Kxc5 48. Ne8 Nb4+ 49. Ke3 Nxa2 50. Nxg7 Nc3 51. h6 Nd5+
52. Kd2 1-0

[Event "EU-ch 14th"]
[Site "Legnica"]
[Date "2013.05.10"]
[Round "6"]
[White "Romanov, Evgeny"]
[Black "Eljanov, Pavel"]
[Result "1-0"]
[WhiteElo "2640"]
[BlackElo "2702"]
[Annotator "Eljanov,P"]
[PlyCount "83"]
[EventDate "2013.05.05"]
[EventType "swiss"]
[EventRounds "11"]
[EventCountry "POL"]
[SourceTitle "CBM 155"]
[Source "ChessBase"]
[SourceDate "2013.07.16"]
[SourceVersion "1"]
[SourceVersionDate "2013.07.16"]
[SourceQuality "1"]

{Before this round I was in the leading group and was very happy with the
pairing. For a long time I was dictating matters in this game was but at the
decisive moment I unfortunately did not knock the ball into an empty net.} 1.
d4 d5 2. c4 c6 3. cxd5 cxd5 4. Bf4 Nc6 5. e3 Nf6 6. Nc3 Bg4 7. Qb3 Na5 8. Qa4+
Bd7 9. Bb5 e6 $5 {Apparently my opponent was guided by Levon Aronian's game
that was played on the day before against Nakamura in Stavanger tournament} (
9... Nc6 10. Qd1 $5 {By this cunning move order Levon managed to drag his
opponent into another branch of the Exchange Slav which was apparently little
known by Nakamura} a6 11. Bd3 Bg4 12. Nge2 e6 13. O-O Be7 14. Rc1 O-O 15. Na4
Rc8 16. f3 Bh5 17. Nc5 $14 {1-0 (70) Aronian,L (2813)-Nakamura,H (2775)
Sandnes NOR 2013}) 10. Rc1 {After this move Black strangely enough has even
more comfortable play} ({The main move here is} 10. Nf3 {but it also promises
too little:} a6 11. Bxd7+ Nxd7 12. O-O {Black is rather behind in development
but the position is so solid that the game will have to be decided with daring}
b5 $5 (12... Be7 13. Rac1 Nc4 14. Qc2 (14. e4 $5 O-O (14... dxe4 15. Nxe4 b5
16. Qc2 O-O 17. b3 Ncb6 18. Bc7 Qc8 19. Neg5 g6 20. Qe4 $36) 15. exd5 Ndb6 16.
Qc2 Nxd5 17. Nxd5 exd5 18. Rfe1 Rc8 19. Qf5 {and White exerts some pressure})
14... O-O 15. b3 Na3 16. Qd3 Rc8 17. e4 Nf6 18. e5 Nd7 $13 {0-1 (88) Socko,M 
(2463)-Muzychuk,A (2606) Ankara 2012}) 13. Qc2 Rc8 14. Qd3 Be7 15. a4 (15. Rfc1
O-O 16. Ne2 Qb6 17. Rc2 Rxc2 18. Qxc2 {1/2 (18) Sumets,A (2590)-Mihok,O (2446)
Wunsiedel 2013}) 15... b4 16. Ne2 Qb6 17. Rac1 O-O {and Black is just in time
to complete his development and equalise} 18. b3 Qb7 19. Qb1 h6 $11 {1/2 (30)
Moldovan,D (2409)-Hamdouchi,H (2559) Port Barcares 2005}) (10. Bxd7+ Nxd7 11.
Nb5 {does not achieve anything} Rc8 $1) 10... Rc8 $1 {In this position the
rook opposition is in Black's favour.} 11. Nf3 Rc4 $1 12. Qd1 $6 {After this
move White's position becomes very dangerous.} ({After} 12. Bxd7+ {White can't
prevent the exchange on c3 and damage of the structure. However after accurate
play the position remains level} Nxd7 13. Qd1 Bb4 14. Nd2 Bxc3 15. bxc3 Rc6 16.
Qa4 O-O 17. O-O a6 18. Qb4 $132) 12... Bxb5 13. Nxb5 Bb4+ 14. Ke2 Rxc1 15. Qxc1
O-O 16. Qc2 Qb6 17. Qa4 Rc8 18. Bc7 $8 Qa6 19. a3 Bc3 $1 {A very nice move and
the strongest one as well.} 20. b4 $2 {The last moves have been more or less
forced. Black attacked, White protected. But it was from the first a more or
less complicated puzzle and both my opponent and I were unable to solve it.} (
20. Ne5 $1 {was necessary:} Rxc7 21. Kf3 $1 Rc8 22. Nxc3 Qb6 23. Rc1 {and
White holds.}) 20... b6 $2 (20... Bb2 $3 {Another study like move led to an
almost decisive advantage} 21. Qxa5 (21. Bxa5 Ne4 $19) (21. Bg3 Ne4 22. Qxa5
Qxb5+ 23. Qxb5 Nc3+ 24. Kd3 Nxb5 25. a4 Nc3 $17) 21... Qc6 {White's pieces are
so bad that the material advantage is irrelevant} 22. Nd2 Ne4 23. f3 Qxb5+ 24.
Qxb5 Nc3+ 25. Kd3 Nxb5 $19) 21. Bg3 (21. Rc1 $5) 21... Ne4 22. Rc1 $2 ({
White again found himself on the edge of the abyss and did't find the only move
} 22. Ng5 $3 Nxg5 23. f3 h6 24. Rd1 Nh7 25. Kf2 $15) 22... Bxb4 $1 23. Rxc8+
Qxc8 24. Qxb4 (24. axb4 Qc4+ 25. Ke1 Nb3 $19) 24... Qc2+ 25. Kf1 Nc4 $2 {
The first of two moves that I can't explain otherwise than like a blackout .
The position is still better for Black but I had two ways to win by force:} (
25... Qd3+ 26. Ke1 (26. Kg1 Nc6 27. Qe1 Qxb5 $19) 26... Nb3 $19) (25... Nb3 26.
Qe1 $8 Qd3+ 27. Qe2 Qb1+ 28. Qe1 (28. Ne1 Nc1 29. Nc3 Nxc3 $19) 28... Nbd2+ 29.
Nxd2 Qxb5+ $19) 26. Qe1 $8 Nb2 $4 {No comments.} ({After} 26... a6 27. Na7 f6 {
despite the lack of material Black is dominating.}) 27. Kg1 Nd3 28. Qf1 $16 a6
29. Nd6 Nc3 30. h3 f6 31. Kh2 Ne2 32. Ng1 Nc3 33. Nf3 Ne2 34. e4 g6 ({A more
tenacious try was} 34... dxe4 35. Nxe4 Ndc1 36. Nd6 h6) 35. exd5 exd5 36. Ng1
$19 Nc3 37. Nf3 Ne2 38. Nc8 f5 39. Ne7+ Kf7 40. Nxd5 f4 41. Bh4 h6 42. Bd8 1-0

[Event "Hampstead op"]
[Site "Hampstead"]
[Date "2014.12.17"]
[Round "3"]
[White "Fier, Alexandr"]
[Black "Bai, Jinshi"]
[Result "1-0"]
[WhiteElo "2592"]
[BlackElo "2444"]
[Annotator "Fier,A"]
[PlyCount "59"]
[EventDate "2014.12.15"]
[EventType "swiss"]
[EventRounds "9"]
[EventCountry "ENG"]
[SourceTitle "CBM 165"]
[Source "ChessBase"]
[SourceDate "2015.03.11"]
[SourceVersion "1"]
[SourceVersionDate "2015.03.11"]
[SourceQuality "1"]

1. d4 Nf6 2. c4 c6 3. Nc3 d5 4. e3 Bf5 {This line was considered dubious for a
long time, but now some new ideas have been found for Black and it's coming
back to life.} 5. cxd5 cxd5 6. Qb3 Bc8 $6 {But not because of this. Now White
has some kind of Slav Exchange with e3 and Qb3 extra. It looks like e3 is not
the best move, since the bishop is closed in on c1, but I have a friend who
plays e3 even in the Slav, so White should be doing well here.} (6... Nc6 {
is the main idea nowadays} 7. Qxb7 Bd7 8. Qb3 Rb8 9. Qd1 e5 {reaching a
isolated pawn position where White is a pawn up, but Black has some
development advantage due to the Qd1-b3-b7-b3-d1 manoeuvre. Things are far
from clear, but I believe White should be slightly better with precise play.})
7. Nf3 Nc6 8. Ne5 {This is usually the idea when White has the pawn on e3.
After 9.f4 White has good attacking prospects.} e6 9. f4 Be7 10. Bd3 O-O 11.
O-O Nd7 {Also the standard manoeuvre in this kind of position. Black will
exchange on e5 and play ...f6. When White takes on f6 the structure will be
symmetrical, so White needs to be energetic to take advantage of his lead in
development.} 12. Bd2 Ndxe5 13. fxe5 f5 14. exf6 Bxf6 (14... Rxf6 {will not
greatly change the character of the position} 15. Rxf6 Bxf6 16. Rf1 Qe7 17. Be1
$14 {and Black still need some time to develop the pieces.}) 15. Rf3 Qe7 16.
Raf1 Bd7 17. Be1 {This move arrives just in time to avoid Black's same idea.} (
17. Qxb7 $6 {is playable, but there is no reason to open the b-file for
Black's rook} Rab8 18. Qc7 Rxb2 19. Bc1 Rbb8 {and Black is ok}) 17... b6 (17...
g6 {with idea of 18...Bg7 doesn't work:} 18. Qxb7 Rab8 19. Qc7 $1 {because of
17...g6 Black's queen is overloaded} Rxb2 (19... Rbc8 20. Qg3 $16) 20. Rxf6
Rxf6 21. Rxf6 Qxf6 22. Nd1 (22. Qxd7 Nxd4 {is still winning for White but it's
better to avoid complications}) 22... Rxa2 23. Qxd7 Nxd4 24. exd4 Qxd4+ 25. Nf2
{and White is winning}) (17... Be8 18. Bh4 $1 {This is not the only time we
are going to see the problem of cutting the a8-rook off from the defence of f8.
}) 18. Bg3 Nb4 19. Bb1 (19. Nb5 {was another idea, but I think Black has a
good way to meet it} Nxd3 20. Bd6 Qe8 21. Nc7 Ba4 22. Qxd3 Qd7 23. Bxf8 Rxf8
24. Rc1 Rc8 25. b3 Bb5 $1 {and the knight on c7 has no way to come back, even
if the position is equal after 26.Qc2.}) 19... Bg5 $2 {The idea is good, but
there are tactical problems.} (19... Nc6 20. Nb5 Bg5 {loses to a long and
interesting line} (20... Na5 21. Qc2 g6 22. Bd6 $18) 21. Bd6 Rxf3 22. Rxf3 Qd8
23. Nc7 Rc8 24. Nxd5 exd5 25. Qxd5+ Kh8 26. Rf8+ Qxf8 27. Bxf8 Bxe3+ 28. Kf1
Rxf8+ 29. Ke2 $18 {Black can't defend both bishops}) (19... Rac8 {probably was
the best} 20. a3 Nc6 21. Nb5 Na5 22. Qd3 g6 23. Nd6 {with strong pressure} (23.
Bd6 $4 Bxb5 {now attacks the queen})) 20. h4 $6 {Since I could not find
anything concrete I tried to simply bring my pawn to h5, avoiding ...g6 ideas.}
(20. a3 $1 {was already winning. I saw the idea, but missed the last move} Rxf3
21. Rxf3 Nc6 22. Nxd5 exd5 23. Qxd5+ Kh8 24. Be5 $1 {I spent time trying to
find a way to continue the attack, but the e3-pawn is hanging in most of the
lines. Because of the unprotected rook on a8 this move is possible, and now 25.
Rf7 will come with huge power} Be8 (24... Bxe3+ {Black has nothing better than
this, but White will be a pawn up and the attack continues} 25. Rxe3 $18) 25.
Bd6 $18 {just because the rook is not defending f8 for a second.}) 20... Bh6
21. a3 Rxf3 22. Rxf3 Nc6 23. h5 (23. Nxd5 $1 {was again possible} exd5 24.
Qxd5+ Qe6 (24... Kh8 25. Rf7 Qxe3+ 26. Kh2 {and Black needs to give the piece
back} Qxd4 27. Qxd4 Nxd4 28. Rxd7 Ne2 29. Bf2 {with a dominating position}) 25.
Ba2 {I had this plan one move later when it doesn't work any more} Qxd5 26.
Bxd5+ Kh8 27. Rf7 Bxe3+ 28. Kh1 Rd8 29. Bc7 Rc8 30. Rxd7 Nb8 31. Rf7 Bxd4 32.
b4 {and again White's pieces are much better than Black's ones.}) 23... Rf8 (
23... Be8 $2 24. Nxd5 exd5 25. Qxd5+ Kh8 26. Bd6 {winning.}) 24. Qc2 (24. Rxf8+
{leads nowhere} Kxf8 25. Nb5 $2 Na5 26. Qd3 Bxb5 27. Qxb5 Bxe3+ $17) (24. Nxd5
{was an idea onwhich I spent a lot of time, but finally I could not make it
work properly} exd5 25. Qxd5+ Qe6 26. Ba2 $1 Rxf3 {and now White can take
almost every Black piece, but there is time to take just one per move} 27. Qxd7
(27. Qxc6 Bxc6 28. Bxe6+ Rf7 $19) 27... Qxa2 28. gxf3 {White is threatening
mate and the knight on c6, but Black is just in time} Qb1+ (28... Bxe3+ 29. Kg2
h6 30. Qe8+ (30. Qxc6 Qxb2+ 31. Kh3 Qxd4) 30... Kh7 31. Qxe3 Qxb2+ 32. Bf2 Qb5
33. Qe4+ $16) 29. Kg2 Qc2+ 30. Kh3 g6 31. d5 Qd1 32. dxc6 Qh1+ 33. Bh2 Qxf3+
34. Bg3 Qh1+ $11) 24... Rxf3 $2 {Now White wins by force.} (24... g6 $8 {
was necessary, but even after this White will emerge better from the
complications} 25. hxg6 $1 (25. Rxf8+ Qxf8 26. Bf2 {is the solid option, but
Black can hold} Be8 $1 (26... Qf5 27. hxg6 hxg6 (27... Qxc2 28. Bxc2 hxg6 29.
Bxg6 Na5 30. Bd3 Nc4 31. Bxc4 dxc4 32. Ne4 {and the bishop pair gives Black
some compensation for the pawn}) 28. Qe2 Qf7 29. Qg4 (29. e4 Qf4 $11) 29... Kh7
30. b4 {with some pressure.}) 27. hxg6 Bxg6 28. Qa4 Bxb1 29. Nxb1 Qe8 30. Nc3
Qd7 {and Black has nothing to worry about.}) 25... Rxf3 26. gxh7+ Kh8 27. gxf3
Bxe3+ 28. Kg2 {and it's important to notice that Black cannot take the d4-pawn}
Qg7 (28... Bxd4 $6 29. Ne2 $1 Bg7 30. Nf4 Ne5 31. Qc7 Qf7 32. Qxa7 $18) (28...
Be8 29. Ne2 Bh6 30. b4 Bg7 31. Qd3 {here Black will suffer}) 29. Ne2 Bg5 (29...
Qh6 30. Qd1) 30. b4 {with a pawn up.}) 25. Qxh7+ Kf7 (25... Kf8 26. Bg6 Rf1+
27. Kh2 $1 $18 {and Black has no way to liberate the e7-square and avoid 28.
Bd6+ at the same time.}) 26. Bg6+ Kf6 27. gxf3 (27. Bh4+ {I had a minute of
fantasy} Bg5 28. Be4 {threatening 29.Qg6 mate} (28. Bxg5+ {still wins} Kxg5 29.
gxf3 Qf6 30. f4+ Kg4 31. h6 gxh6 32. Kg2 $1 {and Black's position is hopeless})
28... Be8 (28... Rf1+ $5 {an original idea} 29. Kxf1 Qf8 30. Bxg5+ Kxg5+ 31.
Bf3) 29. Bxd5 $2 {was my idea, trying to give mate on e4, but} (29. gxf3 {
is still good enough} Bxh4 (29... Qd7 30. Bxg5+ Kxg5 31. h6 gxh6 32. Qg8+ Kf6
33. Bxd5 $1 $18) 30. Nxd5+ exd5 31. Qf5#) 29... Rxe3 $19 {defends everything.})
27... Bxe3+ 28. Kg2 Qf8 (28... Kg5 {also does not save the game, but it was
the move I was expecting} 29. h6 $1 {in order to open the g-file} (29. Kh3 $4 {
doesn't work} e5+ {and now Black is winning}) 29... gxh6 30. Bf7 Qf6 31. Qg8+
Kf5 32. Qg4#) (28... Nxd4 29. f4 $18 {30.Bh4+ is hard to avoid.}) 29. f4 Ke7
30. Bh4+ {And my opponent resigned. After he finished, he shared first
together with me and managed to get the second GM norm in less than 3 weeks 
(the other one was in London Classic Fide Open)!} (30. Bh4+ Kd6 31. Nb5# {
would be a nice way to finish the game!}) 1-0